Villes de Suisse A-Z - Statistiques

Statistiques générales
  • Ce quiz a été pris 226 fois
  • Le résultat moyen est 12 sur 24
Statistiques - réponses
Lettre Villes Nombre % Correct
B Baar / Baden / Bâle / Berne / Bellinzone / Bienne / Berthoud / Binningen / Brigue-Glis / Bülach / Bulle / Buchs / Brugg 13
98%
L Lausanne / Lucerne / La Chaux-de-Fonds / La Tour-de-Peilz / Le Grand-Saconnex / Lancy / Langenthal / Liestal / Lyss / Locarno / Lugano 11
93%
G Genève / Gland / Glaris / Gossau / Granges 5
90%
Z Zurich / Zoug / Zollikon / Zofingue 4
90%
M Martigny / Monthey / Montreux / Meyrin / Mendrisio / Meilen / Münchenstein / Morges / Muri Bei Bern / Münsingen / Muttenz 11
86%
S Sion / Schaffhouse / Saint-Gall / Schlieren / Sierre / Schwytz / Spreitenbach / Spiez / Soleure / Stäfa / Steffisburg / Thalwil / Thonex 13
79%
F Fribourg / Freienbach / Frauenfeld 3
69%
C Carouge / Cham / Coire / Chêne 4
60%
N Neufchâtel / Nyon 2
57%
A Aarau / Adliswil / Affoltern am Albis / Amriswil / Arbon / Arth / Allschwil 7
52%
Y Yverdon 1
50%
W Wetzikon / Wädenswil / Wallisellen / Wettingen / Wil / Winterthur / Wohlen 7
48%
D Delémont / Dübendorf / Dietikon 3
47%
V Vevey / Vernier / Versoix / Villars-sur-Glâne / Volketswil 5
46%
T Thoune / Thalwil / Thonex 3
43%
R Rapperswil / Regensdorf / Renens / Reinach / Rheinfelden / Richterswil / Riehen / Rüti 8
30%
K Kriens / Küsnacht / Köniz / Kloten / Kreuzlingen 5
27%
O Ostermundigen / Oftringen / Olten / Onex / Opfikon 5
27%
H Horw / Herisau / Horgen 3
24%
E Ebikon / Ecublens / Einsiedeln / Emmen 4
23%
P Pully / Prilly / Pfäffikon / Pratteln 4
19%
U Uster / Uzwil 2
15%
J Jona 1
9%
I Illnau-Effretikon 1
5%
Aucun quiz correspondant
Distribution des résultats
% des personnes avec chaque résultat
Percentile par nombre de réponses
Votre historique - résultats
Vous n’avez pas pris ce quiz